Loreto College Library, Kolkata
WEBOPAC (ONLINE PUBLIC ACCESS CATALOGUE)

The canons of jihad (Record no. 26729)

MARC details
000 -LEADER
fixed length control field 00680nam a2200229Ia 4500
005 - DATE AND TIME OF LATEST TRANSACTION
control field 20231123090840.0
008 - FIXED-LENGTH DATA ELEMENTS--GENERAL INFORMATION
fixed length control field 140110s9999 xx 000 0 und d
020 ## - ISBN | অাই এস বি এন
ISBN | অাই এস বি এন 9781591144618
PRICE Rs.791.21
040 ## - CATALOGING SOURCE
Original cataloging agency Loreto College
041 ## - LANGUAGE CODE
Language code English
082 ## - DDC | ডিউই
Classification number | বর্গসংখ্যা 327
Book Number | গ্রন্থাঙ্ক LAC
245 #4 - TITLE STATEMENT | অাখ্যা বিবরণী
Title | অাখ্যা The canons of jihad
Sub title | উপঅাখ্যা Terrorist's strategy for defeating America
Statement of responsibility | লেখকের দায়িত্বের বিবরণ Edited by Jim Lacey
260 ## - IMPRINT | প্রকাশনা ক্ষেত্র
Place of publication | প্রকাশ স্থান Annapolis
Name of publisher | প্রকাশকের নাম Naval Institute Press
Date of publication | প্রকাশ কাল 2008
300 ## - PHYSICAL DESCRIPTION |
Page / Vol. No | পৃষ্ঠা / খন্ড সংখ্যা x,187p
Other physical details | অনান্য বাহ্যিক বিবরণ ill.
504 ## - BIBLIOGRAPHY, ETC. NOTE
Bibliography, etc Includes index
630 ## - SUBJECT ADDED ENTRY--UNIFORM TITLE
Uniform title Islam and politics
650 ## - SUBJECT ADDED ENTRY--TOPICAL TERM | বিষয় শিরোনাম - মূল বিষয়
Topical term | মূল বিষয় Anti-Americanism-Islamic countries-Sources
651 ## - SUBJECT ADDED ENTRY--GEOGRAPHIC NAME | বিষয় শিরোনাম - ভৌগলিক নাম
Geographic name | ভৌগলিক বিষয় Terrorism-History-Sources
700 ## - ADDED ENTRY--PERSONAL NAME | অতিরিক্ত সংলেখ - ব্
Personal name | ব্যাক্তিনাম Lacey,Jim,ed
850 ## - HOLDING INSTITUTION
Holding institution LCLIB
942 ## - ADDED ENTRY ELEMENTS (KOHA)
Koha item type Books
Holdings
Withdrawn status Lost status Source of classification Damaged status Not for loan Home library Current library Date acquired Total Checkouts Full call number Accession No. Date last seen Price effective from Koha item type Coded location qualifier
    Dewey Decimal Classification     Loreto College Loreto College 04/11/2013   327 LAC 47113 B29571 04/11/2013 04/11/2013 Books